|
|
|
|
| LEADER |
00000ngm a22000007i 4500 |
| 001 |
IT\ICCU\UBO\3363016 |
| 003 |
ItRI |
| 005 |
20260124182918.0 |
| 008 |
080129q19001999it |||||||||||||||k|||||c |
| 040 |
|
|
|b ita
|
| 041 |
|
7 |
|a ita
|2 ISO-639-2
|
| 130 |
0 |
|
|a Lola <film ; 1981>
|3 IT\ICCU\CAG\0884994
|
| 245 |
0 |
0 |
|a Lola /
|c un film di R. W. Fassbinder.
|
| 260 |
|
|
|a Milano :
|b Avo Film,
|c [19..?]
|
| 300 |
|
|
|a 1 videocassetta (VHS) (83 min. ca.) :
|b color., son
|
| 500 |
|
|
|a Tit. del contenitore
|
| 500 |
|
|
|a Film del 1981, prod. Germania; interpreti: Barbara Sukova, Mario Adorf, Armin Mueller-Stahl.
|
| 700 |
1 |
|
|a Sukowa, Barbara
|0 IT\ICCU\RAVV\094526
|
| 700 |
1 |
|
|a Adorf, Mario
|0 IT\ICCU\RAVV\221273
|
| 700 |
1 |
|
|a Mueller-Stahl, Armin
|0 IT\ICCU\UBOV\483143
|
| 790 |
1 |
|
|a Müller-Stahl, Armin
|3 IT\ICCU\UMCV\393526
|z Mueller-Stahl, Armin
|
| 942 |
|
|
|2 ddc
|c VM
|n 0
|
| 952 |
|
|
|0 0
|1 0
|4 0
|6 VO_87_000000000000000
|7 0
|9 27969
|a BO
|b BO
|d 2026-01-24
|i 6286
|l 0
|o VO 87
|p BO6286
|r 2026-01-24 18:29:18
|w 2026-01-24
|x [Sebina 5] [1 videocassetta]
|y VM
|z 1 videocassetta
|
| 999 |
|
|
|c 23707
|d 23707
|